[Event "Elit(LASK-Vasteras)"]
[Site "?"]
[Date "2015.03.22"]
[Round "9"]
[White "Brustkern, Jurgen"]
[Black "Dragicevic, Drazen"]
[Result "0-1"]
[WhiteElo "2213"]
[BlackElo "2272"]
[PlyCount "82"]

1. e4 c5 2. c3 d5 3. exd5 Qxd5 4. d4 Nf6 5. Nf3 e6 6. Be2 cxd4 7. cxd4 Nc6 8.
Nc3 Qd8 9. O-O Be7 10. Be3 O-O 11. a3 b6 12. Bd3 Bb7 13. Rc1 Rc8 14. Bb1 Qd6
15. Qe2 Rfd8 16. Rcd1 Qb8 17. Ba2 Na5 18. Ne5 Qa8 19. f4 Nd5 20. Bd2 g6 21.
Rde1 Bf6 22. Kh1 Bh4 23. Rd1 Ne7 24. Be1 Nf5 25. d5 exd5 26. Qg4 Bf6 27. Bf2
Nc4 28. Bb1 Nce3 29. Bxe3 Nxe3 30. Qg3 Bxe5 31. fxe5 d4 32. e6 Bxg2+ 33. Kg1
Bxf1 34. exf7+ Kf8 35. Be4 Qb8 36. Qg5 Kxf7 37. Rxf1+ Nxf1 38. Bd5+ Rxd5 39.
Qxd5+ Kf8 40. Qxd4 Qxh2+ 41. Kxf1 Qh3+ 0-1

[Event "Elit(LASK-Vasteras)"]
[Site "?"]
[Date "2015.03.22"]
[Round "9"]
[White "Nilsson, Sebastian"]
[Black "Janse, Rasmus"]
[Result "1-0"]
[WhiteElo "2304"]
[BlackElo "2229"]
[PlyCount "63"]

1. e4 e6 2. d4 d5 3. Nc3 Bb4 4. e5 c5 5. a3 Bxc3+ 6. bxc3 Ne7 7. Qg4 O-O 8. Bd3
Nbc6 9. Bg5 Qa5 10. Ne2 Qa4 11. h4 Nxe5 12. Bxh7+ Kxh7 13. Qh5+ Kg8 14. Bxe7
Re8 15. Qxe5 Rxe7 16. h5 cxd4 17. h6 f6 18. Qd6 Qe8 19. h7+ Kh8 20. Nf4 e5 21.
Qxe7 Bf5 22. Qxe8+ Rxe8 23. Nxd5 Bxc2 24. cxd4 Be4 25. Nc7 Re7 26. f3 Bxh7 27.
Nd5 Re8 28. O-O-O exd4 29. Rxd4 Kg8 30. Rdh4 Rc8+ 31. Kb2 Rc2+ 32. Kb3 1-0

[Event "Elit(Orgryte-Solna)"]
[Site "?"]
[Date "2015.03.22"]
[Round "9"]
[White "Valmana Canto, Jaime"]
[Black "Tukhaev, Adam"]
[Result "0-1"]
[WhiteElo "2390"]
[BlackElo "2542"]
[PlyCount "74"]

1. d4 d5 2. c4 c6 3. cxd5 cxd5 4. Nc3 e6 5. Bf4 Qb6 6. Rb1 Nc6 7. e3 Bd7 8. Nf3
Nf6 9. Nd2 Rc8 10. Bd3 Be7 11. O-O O-O 12. a3 a6 13. Na4 Qa7 14. Bg5 Nxd4 15.
exd4 Qxd4 16. Nc4 Rxc4 17. Bxc4 Qxd1 18. Rfxd1 Bxa4 19. b3 Bc6 20. Bf1 h6 21.
Be3 Ne4 22. Ra1 e5 23. Bb6 d4 24. f4 f6 25. Re1 Bd6 26. Rac1 Nc3 27. Bc4+ Kh8
28. fxe5 fxe5 29. a4 Nd5 30. Bxd5 Bxd5 31. Bc5 Bxc5 32. Rxc5 Rd8 33. b4 e4 34.
Kf2 e3+ 35. Ke2 b5 36. axb5 axb5 37. Rd1 Bc4+ 0-1

[Event "Elit(Orgryte-Solna)"]
[Site "?"]
[Date "2015.03.22"]
[Round "9"]
[White "Ziegler, Ari"]
[Black "Lindberg, Bengt"]
[Result "1-0"]
[WhiteElo "2315"]
[BlackElo "2380"]
[PlyCount "187"]

1. d4 Nf6 2. Nf3 e6 3. Bg5 h6 4. Bxf6 Qxf6 5. e4 d6 6. c3 Nd7 7. Bd3 g6 8. O-O
Bg7 9. Nbd2 O-O 10. a4 Qe7 11. Re1 e5 12. Nc4 a5 13. Qb3 Re8 14. Rad1 Nf8 15.
h3 Ne6 16. Bf1 Nf4 17. Kh2 b6 18. g3 Ne6 19. Qa3 Qf6 20. Bg2 Ng5 21. Nxg5 hxg5
22. Ne3 Be6 23. Rd2 Bf8 24. Qa1 Qh8 25. Qd1 Rac8 26. Qf3 Be7 27. g4 exd4 28.
cxd4 Bf6 29. Qd1 c5 30. d5 Bd7 31. Nc4 Be5+ 32. Kg1 Rb8 33. b3 Qf6 34. Rd3 b5
35. Nxa5 Bc3 36. Rf3 Qe5 37. Rxc3 Qxc3 38. Nc6 Rb6 39. Re3 Qb2 40. Bf1 bxa4 41.
bxa4 Ra8 42. e5 dxe5 43. Nxe5 Rf6 44. Qe1 Bxa4 45. d6 Kg7 46. Nc4 Qb4 47. Qa1
Bc6 48. Qe5 Rd8 49. h4 Re8 50. hxg5 Rxe5 51. gxf6+ Kxf6 52. Nxe5 Ba4 53. d7 Qb8
54. g5+ Kg7 55. Rf3 Bxd7 56. Rxf7+ Kg8 57. Nxd7 Qb4 58. Ne5 Qd2 59. Nf3 Qd5 60.
Rf4 Kg7 61. Bc4 Qd1+ 62. Kg2 Qc1 63. Kg3 Qc3 64. Bd5 Qd3 65. Rf7+ Kh8 66. Ba2
c4 67. Rf8+ Kg7 68. Rc8 c3 69. Bb3 Kh7 70. Kg2 Kg7 71. Rc7+ Kf8 72. Rc5 Qe4 73.
Rxc3 Qb4 74. Re3 Kg7 75. Be6 Qd6 76. Bh3 Qd5 77. Re6 Qb7 78. Rf6 Qa8 79. Be6
Qe4 80. Bf7 Qg4+ 81. Kf1 Qh3+ 82. Ke2 Qc8 83. Bxg6 Qc4+ 84. Bd3 Qc1 85. Rg6+
Kf8 86. Rb6 Qc7 87. Re6 Qa7 88. g6 Kg7 89. Re5 Qc7 90. Rh5 Qc3 91. Rh7+ Kg8 92.
Re7 Qc1 93. Nd2 Qc5 94. Bc4+ 1-0

[Event "Elit(Orgryte-Solna)"]
[Site "?"]
[Date "2015.03.22"]
[Round "9"]
[White "Jonsson, Mikael"]
[Black "Arnelind, Mikael"]
[Result "1-0"]
[WhiteElo "2293"]
[BlackElo "2191"]
[PlyCount "75"]

1. d4 Nf6 2. c4 e6 3. Nc3 Bb4 4. Qc2 O-O 5. Nf3 d5 6. cxd5 exd5 7. Bg5 c6 8. e3
Nbd7 9. Bd3 h6 10. Bh4 Re8 11. O-O-O Qa5 12. Kb1 Bxc3 13. Qxc3 Qxc3 14. bxc3
Ne4 15. Kc2 Nb6 16. Nd2 Nxd2 17. Rxd2 Bd7 18. Rb1 Be6 19. a4 Nxa4 20. Rxb7 Reb8
21. Rb4 Rxb4 22. cxb4 Nb6 23. Kb3 f6 24. Ra2 Bc8 25. Ra5 Kf7 26. Bg3 Ke7 27.
Bc7 Nc4 28. Bxc4 dxc4+ 29. Kxc4 Be6+ 30. Kc5 Kd7 31. Bg3 a6 32. e4 Bb3 33. f3
Bc2 34. Ra3 Bd1 35. Ra2 Bb3 36. Ra1 Bc2 37. Kc4 a5 38. bxa5 1-0

[Event "Elit(Orgryte-Solna)"]
[Site "?"]
[Date "2015.03.22"]
[Round "9"]
[White "Virolainen, Victor"]
[Black "Karlsson, Tomas"]
[Result "1-0"]
[WhiteElo "2167"]
[BlackElo "2253"]
[PlyCount "87"]

1. e4 e6 2. d4 d5 3. Nc3 Bb4 4. e5 c5 5. a3 Bxc3+ 6. bxc3 Ne7 7. Bd3 Nbc6 8.
Qg4 O-O 9. Nf3 f5 10. exf6 Rxf6 11. Bg5 e5 12. Qh4 e4 13. Bxf6 gxf6 14. Qxf6
exd3 15. cxd3 cxd4 16. Qg5+ Kf7 17. Qh5+ Kg7 18. Qg5+ Ng6 19. Qxd8 Nxd8 20.
Nxd4 Ne5 21. Kd2 Ndc6 22. Rae1 Bd7 23. f4 Ng6 24. f5 Nge5 25. Nxc6 Nxc6 26. g4
Kf6 27. d4 h5 28. h3 Rh8 29. Rhg1 Kg5 30. Ref1 hxg4 31. hxg4 Rh2+ 32. Ke3 Na5
33. Rf2 Nc4+ 34. Ke2 Rh7 35. Kf3 Nd6 36. Re2 Ne8 37. Rge1 Nf6 38. Re7 Rh3+ 39.
Kg2 Kxg4 40. Rg7+ Kh4 41. Rf1 Nh5 42. Rxd7 Rg3+ 43. Kf2 Rxc3 44. Rh7 1-0

[Event "Elit(Orgryte-Solna)"]
[Site "?"]
[Date "2015.03.22"]
[Round "9"]
[White "Landgren, Andreas"]
[Black "Kumar, Rahul"]
[Result "1-0"]
[WhiteElo "2246"]
[BlackElo "2147"]
[PlyCount "73"]

1. d4 d6 2. e4 g6 3. Nc3 Bg7 4. Be3 a6 5. Qd2 Nd7 6. a4 b6 7. Nf3 h6 8. d5 Ne5
9. Nd4 g5 10. h3 Bd7 11. Be2 Nf6 12. f4 gxf4 13. Bxf4 Ng6 14. Be3 Qc8 15. Rf1
Nh4 16. Rf2 c5 17. dxc6 Bxc6 18. g3 Ng6 19. Nf5 Kf8 20. Bd3 b5 21. Nd5 Bxd5 22.
exd5 Ne5 23. axb5 axb5 24. Rxa8 Qxa8 25. Nxg7 Kxg7 26. Bxb5 Ne4 27. Qd4 Qa1+
28. Ke2 Nxg3+ 29. Kd2 Qa5+ 30. b4 Qxb5 31. Rg2 f5 32. Rxg3+ Kf7 33. Bf4 Rg8 34.
Bxe5 dxe5 35. Qxe5 Qxb4+ 36. Kc1 Rxg3 37. Qxg3 1-0

[Event "Elit(Orgryte-Solna)"]
[Site "?"]
[Date "2015.03.22"]
[Round "9"]
[White "Fransson, Percy"]
[Black "Johansson, Gunnar"]
[Result "1/2-1/2"]
[WhiteElo "2108"]
[BlackElo "2222"]
[PlyCount "71"]

1. e4 c5 2. c3 Nf6 3. e5 Nd5 4. Nf3 e6 5. Bc4 d6 6. O-O Nc6 7. d4 cxd4 8. cxd4
Be7 9. Qe2 O-O 10. Nbd2 Na5 11. Ne4 Nxc4 12. Qxc4 h6 13. a3 dxe5 14. dxe5 Bd7
15. Ng3 Rc8 16. Qg4 f5 17. exf6 Nxf6 18. Qd4 Bc5 19. Qe5 Bb5 20. Qxe6+ Kh8 21.
Bxh6 Bxf1 22. Rxf1 gxh6 23. Ne5 Qe8 24. Qf5 Bd6 25. Ng6+ Kg7 26. Nxf8 Bxf8 27.
b4 Rc6 28. h3 Qe6 29. Qf3 Qd5 30. Qe3 a6 31. Re1 Kf7 32. Qf4 Re6 33. Rc1 Rc6
34. Re1 Re6 35. Rc1 Rc6 36. Re1 1/2-1/2

[Event "Elit(Orgryte-Solna)"]
[Site "?"]
[Date "2015.03.22"]
[Round "9"]
[White "Steneskog, Per"]
[Black "Fransson, Patrick"]
[Result "0-1"]
[WhiteElo "2207"]
[BlackElo "2111"]
[PlyCount "82"]

1. d4 d5 2. c4 c6 3. Nc3 Nf6 4. Nf3 e6 5. cxd5 exd5 6. Qc2 Be7 7. Bg5 Be6 8. e3
Nbd7 9. Bd3 h6 10. Bh4 Qc7 11. O-O a6 12. Rfc1 O-O 13. Rab1 Rfc8 14. Na4 b6 15.
Qe2 b5 16. Nc3 Qa7 17. h3 c5 18. dxc5 Bxc5 19. Qd2 Re8 20. b3 Bd6 21. Bxf6 Nxf6
22. Nd4 Qd7 23. Ncxb5 axb5 24. Bxb5 Qe7 25. Bxe8 Rxe8 26. b4 Bd7 27. b5 Ne4 28.
Qe2 Qg5 29. f4 Qg6 30. b6 Nc3 31. Qe1 Nxb1 32. Rxb1 Rxe3 33. Qf1 Qe4 34. Nf3
Qxf4 35. b7 Bb8 36. a4 Bxa4 37. Qc1 Re8 38. Qc8 Qe3+ 39. Kh1 Qe6 40. Rc1 Bd7
41. Qc2 Qa6 0-1

[Event "Elit(Orgryte-Solna)"]
[Site "?"]
[Date "2015.03.22"]
[Round "9"]
[White "Blazekovic, Nina"]
[Black "Lundvik, Jonas"]
[Result "1-0"]
[WhiteElo "1874"]
[BlackElo "2195"]
[PlyCount "73"]

1. e4 e6 2. d4 d5 3. e5 b6 4. c3 Qd7 5. Nf3 Ne7 6. Bd3 Ba6 7. O-O Ng6 8. Be3
Bxd3 9. Qxd3 Nc6 10. Nbd2 f6 11. exf6 gxf6 12. Rfe1 Bd6 13. c4 O-O-O 14. c5
bxc5 15. dxc5 Be5 16. Qa6+ Kb8 17. Nxe5 Ngxe5 18. b4 d4 19. Bf4 Qd5 20. Bxe5
fxe5 21. Rab1 Ka8 22. b5 Nb8 23. Qa3 c6 24. Ne4 Rhg8 25. g3 Rdf8 26. b6 a6 27.
Qa5 Rf7 28. Nd6 Rb7 29. Nxb7 Kxb7 30. Qd2 Rg6 31. Qe2 Nd7 32. Qh5 Rf6 33. Qxh7
Rf5 34. Qe7 d3 35. Qd8 Nxc5 36. Qc7+ Ka8 37. Qa7# 1-0

[Event "Elit(Eksjo-Farsta)"]
[Site "?"]
[Date "2015.03.22"]
[Round "9"]
[White "Sammalvuo, Tapani"]
[Black "Carlsson, Pontus"]
[Result "1/2-1/2"]
[WhiteElo "2453"]
[BlackElo "2452"]
[PlyCount "35"]

1. Nf3 Nf6 2. c4 c5 3. Nc3 b6 4. g3 Bb7 5. Bg2 g6 6. O-O Bg7 7. d4 cxd4 8. Qxd4
d6 9. Rd1 Nbd7 10. b3 O-O 11. Bb2 Ne4 12. Qe3 Nxc3 13. Bxc3 Bxc3 14. Qxc3 Bxf3
15. Bxf3 Rc8 16. Qd4 Qc7 17. Bg4 Rb8 18. Bxd7 1/2-1/2

[Event "Elit(Eksjo-Farsta)"]
[Site "?"]
[Date "2015.03.22"]
[Round "9"]
[White "Rasmussen, Allan Stig"]
[Black "Livner, Anders"]
[Result "1/2-1/2"]
[WhiteElo "2532"]
[BlackElo "2345"]
[PlyCount "117"]

1. e4 c6 2. d4 d5 3. Nc3 dxe4 4. Nxe4 Bf5 5. Ng3 Bg6 6. h4 h6 7. Nf3 Nd7 8. h5
Bh7 9. Bd3 Bxd3 10. Qxd3 e6 11. Bd2 a5 12. O-O-O Bb4 13. c3 Be7 14. Qe2 Ngf6
15. Nf1 Nb6 16. c4 Qc7 17. Ne5 Nbd7 18. f4 c5 19. Nxd7 Qxd7 20. g4 cxd4 21. g5
hxg5 22. fxg5 d3 23. Qf3 Qa4 24. Ne3 Qxa2 25. Bc3 Nd7 26. g6 fxg6 27. Qxb7 Rd8
28. Rxd3 Rxh5 29. Rxh5 gxh5 30. Qg2 Nf6 31. Rxd8+ Bxd8 32. Qxg7 Qa1+ 33. Kc2
Qa4+ 34. Kc1 Qa1+ 35. Kc2 Qa4+ 36. Kb1 Qd7 37. Bxf6 Qd3+ 38. Ka2 Bxf6 39. Qxf6
Qxe3 40. Qg6+ Ke7 41. Qxh5 Qb6 42. Qg5+ Kd6 43. Qf4+ Ke7 44. Qg5+ Kd6 45. Qg3+
Kd7 46. Qg7+ Ke8 47. Qe5 Ke7 48. b3 Qb4 49. Qd4 Kf7 50. Qf4+ Ke7 51. Qe3 Kd6
52. Qd4+ Ke7 53. Qg7+ Ke8 54. Qh8+ Ke7 55. Qh4+ Kd7 56. Qf2 Ke7 57. Qe3 Kd6 58.
Qg5 Kd7 59. Qe3 1/2-1/2

[Event "Elit(Eksjo-Farsta)"]
[Site "?"]
[Date "2015.03.22"]
[Round "9"]
[White "Urkedal, Frode"]
[Black "Gdanski, Jacek"]
[Result "1/2-1/2"]
[WhiteElo "2524"]
[BlackElo "2501"]
[PlyCount "41"]

1. d4 Nf6 2. c4 c5 3. d5 g6 4. Nc3 d6 5. e4 Bg7 6. h3 O-O 7. Bd3 e6 8. Nf3 exd5
9. exd5 Qe7+ 10. Be3 Bh6 11. O-O Bxe3 12. Qe2 Nbd7 13. Rae1 a6 14. Qc2 Re8 15.
Rxe3 Qf8 16. Rxe8 Nxe8 17. Re1 Rb8 18. Qd2 Ndf6 19. Qf4 Bd7 20. a4 Nh5 21. Qh4
1/2-1/2

[Event "Elit(Eksjo-Farsta)"]
[Site "?"]
[Date "2015.03.22"]
[Round "9"]
[White "de Verdier, Michael"]
[Black "Lissang, Christopher"]
[Result "1/2-1/2"]
[WhiteElo "2329"]
[BlackElo "2260"]
[PlyCount "20"]

1. e4 e5 2. Nc3 Nf6 3. Bc4 Bc5 4. f4 d6 5. Nf3 O-O 6. d3 c6 7. fxe5 dxe5 8. Qe2
Bg4 9. Be3 Nbd7 10. O-O Qe7 1/2-1/2

[Event "Elit(Eksjo-Farsta)"]
[Site "?"]
[Date "2015.03.22"]
[Round "9"]
[White "Ernst, Thomas"]
[Black "Bejtovic, Jasmin"]
[Result "1-0"]
[WhiteElo "2373"]
[BlackElo "2375"]
[PlyCount "109"]

1. d4 Nf6 2. c4 g6 3. Nc3 Bg7 4. e4 d6 5. Nf3 O-O 6. Be2 c5 7. O-O cxd4 8. Nxd4
Nc6 9. Be3 Nxd4 10. Bxd4 Bd7 11. f3 a5 12. b3 Bc6 13. Rc1 Nd7 14. Be3 Nc5 15.
Qd2 e6 16. Rfd1 Be5 17. Bd4 Bxd4+ 18. Qxd4 Qb6 19. Nb5 e5 20. Qf2 Bxb5 21. cxb5
Qc7 22. Bc4 Qe7 23. Bd5 Rfc8 24. Qd2 Kg7 25. h3 h5 26. Kh2 h4 27. Rc3 Qe8 28.
Bc4 Rd8 29. Qg5 Rac8 30. Rdc1 Qh8 31. Bd5 Rd7 32. a3 Qd8 33. Qxd8 Rcxd8 34. b4
axb4 35. axb4 Ne6 36. b6 Kf6 37. Rc8 Ke7 38. Rxd8 Kxd8 39. Ra1 Ke7 40. Ra8 g5
41. Rb8 Nd8 42. b5 Kf6 43. Kg1 Ke7 44. Kf2 Kf6 45. Ke3 Ke7 46. Kd2 Kf6 47. Kc3
Ke7 48. Kb4 Kf6 49. Kc3 Ke7 50. Kb4 Kf6 51. Rxd8 Rxd8 52. Bxb7 Ke7 53. Ka5 d5
54. Bxd5 Kd7 55. Ka6 1-0

[Event "Elit(Eksjo-Farsta)"]
[Site "?"]
[Date "2015.03.22"]
[Round "9"]
[White "Vernersson, Per"]
[Black "Lagerborg, Krister"]
[Result "1-0"]
[WhiteElo "2313"]
[BlackElo "2049"]
[PlyCount "107"]

1. d4 Nf6 2. c4 g6 3. Nc3 Bg7 4. e4 d6 5. Be2 O-O 6. Nf3 e5 7. O-O Nc6 8. d5
Ne7 9. Ne1 Ne8 10. Nd3 f5 11. f3 f4 12. Bd2 g5 13. g4 fxg3 14. hxg3 Ng6 15. Rf2
h5 16. Rh2 h4 17. Qe1 Bf6 18. Bf1 Ng7 19. Bh3 Bxh3 20. Rxh3 Qd7 21. g4 Nf4 22.
Bxf4 exf4 23. e5 dxe5 24. Ne4 Rae8 25. Rh2 Re7 26. Re2 Ne8 27. Ndc5 Qc8 28. Ne6
Rxe6 29. dxe6 Be7 30. Qa5 Qxe6 31. Nxg5 Qxc4 32. Qxe5 Bf6 33. Qe6+ Qxe6 34.
Nxe6 Rf7 35. Rd1 Nd6 36. Rc2 Nb5 37. Kg2 Re7 38. Nxf4 Nd4 39. Rc4 Nc6 40. Nd5
Re2+ 41. Kf1 Re6 42. Re4 Kf7 43. Rxe6 Kxe6 44. Nxf6 Kxf6 45. f4 Ke6 46. Ke2 Nb4
47. a3 Nd5 48. Kf3 Nb6 49. Rh1 Nc4 50. Rxh4 Nxb2 51. Rh7 c5 52. Rxb7 Nd3 53.
Rxa7 c4 54. Ke3 1-0

[Event "Elit(Eksjo-Farsta)"]
[Site "?"]
[Date "2015.03.22"]
[Round "9"]
[White "Wieweg, Johnny"]
[Black "Ornstein, Axel"]
[Result "0-1"]
[WhiteElo "2160"]
[BlackElo "2325"]
[PlyCount "92"]

1. e4 e5 2. Nc3 Nf6 3. Bc4 Nc6 4. d3 Na5 5. Nge2 Nxc4 6. dxc4 d6 7. O-O Be6 8.
b3 Be7 9. Qd3 O-O 10. a4 Nd7 11. Ng3 Nc5 12. Qf3 Bg5 13. Ba3 Bd7 14. Rad1 Ne6
15. Nce2 g6 16. Rfe1 b6 17. Qd3 Bc6 18. f3 h5 19. Bc1 h4 20. Nf1 h3 21. g3 f5
22. Nc3 Bxc1 23. Rxc1 Qg5 24. Qd2 fxe4 25. Nd5 exf3 26. Qxg5 f2+ 27. Kh1 Bxd5+
28. cxd5 Nxg5 29. Re2 Rf5 30. Ne3 Rf3 31. Rf1 Raf8 32. Nd1 e4 33. Ne3 R8f7 34.
b4 Kf8 35. c4 a5 36. bxa5 bxa5 37. Ng4 Kg7 38. c5 dxc5 39. Ne5 e3 40. Nxf3 Rxf3
41. d6 cxd6 42. g4 Ne4 43. g5 Nd2 44. Rfxf2 Rxf2 45. Rxf2 d5 46. Rf3 d4 0-1

[Event "Elit(Eksjo-Farsta)"]
[Site "?"]
[Date "2015.03.22"]
[Round "9"]
[White "Gustafsson, Fredrik"]
[Black "Lundin, Jan"]
[Result "1/2-1/2"]
[WhiteElo "2174"]
[BlackElo "2221"]
[PlyCount "88"]

1. e4 c6 2. Nc3 d5 3. Nf3 dxe4 4. Nxe4 Nf6 5. Ng3 g6 6. Bc4 Bg7 7. d3 O-O 8.
O-O Nbd7 9. c3 Nd5 10. Re1 N5b6 11. Bb3 a5 12. Bg5 Nf6 13. a4 Nbd7 14. d4 Re8
15. Qe2 e6 16. Rad1 Qc7 17. Ne4 Nxe4 18. Qxe4 Qb6 19. Qc2 Nf6 20. Ne5 Nd5 21.
Ng4 Kh8 22. Bxd5 cxd5 23. Bf6 e5 24. Bxg7+ Kxg7 25. Nxe5 Bf5 26. Qd2 f6 27. Nd3
Bxd3 28. Qxd3 Qxb2 29. Rxe8 Rxe8 30. Rb1 Qa2 31. Rxb7+ Kg8 32. g3 Qxa4 33. Qa6
Qc4 34. Qxc4 dxc4 35. Ra7 Re1+ 36. Kg2 Rc1 37. Rxa5 Rxc3 38. Rc5 Kf7 39. d5 Ke7
40. Rc6 f5 41. h4 Kd7 42. Kf1 Rc2 43. Kg2 Rc3 44. Kf1 Rc2 1/2-1/2

[Event "Elit(Rockaden,Sthlm-Team Viking)"]
[Site "?"]
[Date "2015.03.22"]
[Round "9"]
[White "Agrest, Evgenij"]
[Black "Blomqvist, Erik"]
[Result "1/2-1/2"]
[WhiteElo "2594"]
[BlackElo "2515"]
[PlyCount "86"]

1. Nf3 c5 2. c4 Nc6 3. d4 cxd4 4. Nxd4 Nf6 5. Nc3 e6 6. g3 Qb6 7. Ndb5 d5 8.
Bg2 d4 9. Na4 Qa5+ 10. Bd2 Qd8 11. O-O Be7 12. e3 d3 13. Nbc3 O-O 14. Kh1 Qd7
15. e4 Rd8 16. Bf4 b6 17. e5 Ne8 18. Ne4 f5 19. exf6 gxf6 20. c5 f5 21. Ng5 h6
22. Nf3 bxc5 23. Rc1 Bb7 24. Nxc5 Bxc5 25. Rxc5 Nd4 26. Ne5 Bxg2+ 27. Kxg2 Qb7+
28. Kh3 Nf6 29. f3 Qxb2 30. Nxd3 Qxa2 31. Be5 Nd7 32. Qc1 Qe2 33. Nf4 Qa6 34.
Bxd4 Nxc5 35. Bxc5 e5 36. Nh5 Rac8 37. Rd1 Rxd1 38. Qxd1 Qg6 39. g4 fxg4+ 40.
fxg4 Rxc5 41. Qd8+ Kf7 42. Qd7+ Kf8 43. Qd8+ Kf7 1/2-1/2

[Event "Elit(Rockaden,Sthlm-Team Viking)"]
[Site "?"]
[Date "2015.03.22"]
[Round "9"]
[White "Hammer, Jon Ludvig"]
[Black "Berg, Emanuel"]
[Result "1-0"]
[WhiteElo "2651"]
[BlackElo "2545"]
[PlyCount "83"]

1. e4 e6 2. d4 d5 3. Nd2 Nf6 4. e5 Nfd7 5. Bd3 c5 6. c3 Nc6 7. Ne2 cxd4 8. cxd4
f6 9. exf6 Nxf6 10. O-O Bd6 11. Nf3 Qc7 12. Nc3 a6 13. Bd2 O-O 14. h3 Bd7 15.
Re1 Rae8 16. Rc1 Qb8 17. a3 Re7 18. b4 b5 19. Be3 Be8 20. Ne2 a5 21. Ne5 Nxe5
22. dxe5 Bxe5 23. bxa5 Ra7 24. Qd2 Bc7 25. Bxa7 Qxa7 26. Rxc7 Qxc7 27. Nd4 Bd7
28. Nxe6 Bxe6 29. Rxe6 Ra8 30. a6 Qc8 31. Bf5 Qc5 32. Qe3 d4 33. Qf3 Rd8 34.
Rc6 Qe7 35. Bd3 Kh8 36. Qf5 Rf8 37. Qc5 Qe1+ 38. Bf1 Nd7 39. Qxf8+ Nxf8 40. Rc8
Qe7 41. a7 Qxa7 42. Rxf8# 1-0

[Event "Elit(Rockaden,Sthlm-Team Viking)"]
[Site "?"]
[Date "2015.03.22"]
[Round "9"]
[White "Nithander, Victor"]
[Black "Karlsson, Lars"]
[Result "0-1"]
[WhiteElo "2428"]
[BlackElo "2441"]
[PlyCount "68"]

1. e4 e6 2. d4 d5 3. Nd2 Be7 4. c3 c5 5. dxc5 Bxc5 6. exd5 exd5 7. Nb3 Bb6 8.
Nf3 Nc6 9. Be2 Nf6 10. O-O O-O 11. Nfd4 Ne5 12. Bf4 Ng6 13. Bg3 Ne4 14. a4 a6
15. a5 Ba7 16. Bd3 f5 17. f4 Bd7 18. Kh1 Nxg3+ 19. hxg3 Rf6 20. Qf3 Ne7 21.
Rfe1 Be8 22. Re5 Bf7 23. Qe3 Nc6 24. Rxf5 Rh6+ 25. Kg1 Qd7 26. Rg5 Re8 27. Qf3
Re4 28. Rd1 Qe7 29. Kf2 Rf6 30. Rd2 Ne5 31. Rxe5 Rxe5 32. Qg4 Bh5 33. Qh4 Re1
34. Bxh7+ Kf8 0-1

[Event "Elit(Rockaden,Sthlm-Team Viking)"]
[Site "?"]
[Date "2015.03.22"]
[Round "9"]
[White "Socko, Bartosz"]
[Black "Westerberg, Jonathan"]
[Result "1-0"]
[WhiteElo "2623"]
[BlackElo "2432"]
[PlyCount "149"]

1. d4 d5 2. c4 dxc4 3. Nf3 a6 4. e3 b5 5. a4 Bb7 6. b3 Nf6 7. bxc4 bxc4 8. Bxc4
e6 9. Nbd2 Nbd7 10. Rb1 Ra7 11. O-O Be7 12. Qe2 c5 13. Bb2 O-O 14. Rfc1 a5 15.
Bb5 cxd4 16. Bxd4 Bxf3 17. Qxf3 Rc7 18. Nc4 Qc8 19. Bb2 Bb4 20. Qg3 Nh5 21. Qh4
Nhf6 22. h3 Rc5 23. Bd4 Rh5 24. Qg3 Qb8 25. f4 Rxb5 26. axb5 Qxb5 27. Bc3 Rb8
28. Kh2 h6 29. Qf3 Qxc4 30. Bxf6 Qa6 31. Bd4 Rc8 32. Qf1 Qb7 33. Rxc8+ Qxc8 34.
Rc1 Qb7 35. Qc4 Kh7 36. Qc2+ Kg8 37. Qc8+ Qxc8 38. Rxc8+ Nf8 39. Bc5 Bxc5 40.
Rxc5 a4 41. Ra5 Nd7 42. Rxa4 g5 43. g4 Kg7 44. Kg2 Nb6 45. Rd4 Nd5 46. Kf3 gxf4
47. exf4 h5 48. Ra4 hxg4+ 49. hxg4 Kg6 50. Ra6 Kg7 51. Rd6 Kf6 52. Rd7 Nb6 53.
Rd8 Nd5 54. Rc8 Kg7 55. Rc6 Ne7 56. Rd6 Nd5 57. f5 Kf6 58. fxe6 fxe6 59. Ra6
Nb4 60. Ra8 Nd3 61. Kg3 Ne5 62. Rf8+ Kg6 63. Kh4 Kg7 64. Rf1 Kg6 65. g5 Nd7 66.
Rf2 Nc5 67. Rf6+ Kg7 68. Kg4 Kg8 69. Kh5 Kg7 70. Rf3 Nd7 71. Ra3 Nf8 72. Ra7+
Kg8 73. Kh6 e5 74. Rg7+ Kh8 75. Re7 1-0

[Event "Elit(Rockaden,Sthlm-Team Viking)"]
[Site "?"]
[Date "2015.03.22"]
[Round "9"]
[White "Bellon Lopez, Juan"]
[Black "Bator, Robert"]
[Result "1-0"]
[WhiteElo "2357"]
[BlackElo "2433"]
[PlyCount "63"]

1. d4 d5 2. Bf4 c6 3. e3 Qb6 4. Qc1 Bf5 5. Nf3 e6 6. Be2 h6 7. O-O Qd8 8. c4
Bd6 9. Bxd6 Qxd6 10. Nc3 Nf6 11. c5 Qc7 12. Ne5 Nbd7 13. f4 Nxe5 14. fxe5 Nd7
15. e4 dxe4 16. Qe3 b6 17. b4 a5 18. a3 axb4 19. axb4 Rxa1 20. Rxa1 O-O 21.
Nxe4 Nxe5 22. cxb6 Qxb6 23. Nc5 Ng6 24. Nd7 Qxb4 25. Nxf8 Nxf8 26. Bf3 Nd7 27.
Rc1 Nb8 28. Rc5 Qb1+ 29. Kf2 Qb2+ 30. Kg3 Qb6 31. h4 Qa6 32. Rxf5 1-0

[Event "Elit(Rockaden,Sthlm-Team Viking)"]
[Site "?"]
[Date "2015.03.22"]
[Round "9"]
[White "Lokander, Martin"]
[Black "Lindberg, Bo"]
[Result "1/2-1/2"]
[WhiteElo "2378"]
[BlackElo "2413"]
[PlyCount "136"]

1. Nf3 Nf6 2. d4 e6 3. e3 b6 4. Bd3 Bb7 5. Nbd2 c5 6. O-O cxd4 7. exd4 Be7 8.
Re1 O-O 9. c3 d6 10. Nf1 Nbd7 11. Ng3 Re8 12. Ng5 Bf8 13. Qc2 g6 14. N3e4 Nxe4
15. Bxe4 Bxe4 16. Nxe4 d5 17. Ng5 Be7 18. Nf3 Qc7 19. Bg5 Bd6 20. Bh4 b5 21.
Bg3 Bxg3 22. hxg3 b4 23. Rec1 Rec8 24. Qd2 bxc3 25. Rxc3 Qd8 26. Rac1 Rxc3 27.
Qxc3 Nb6 28. Qc7 Rc8 29. Qxd8+ Rxd8 30. Rc7 Rd7 31. Rc6 Kf8 32. g4 h6 33. b3
Ke7 34. Ne5 Rb7 35. Nd3 Kd7 36. Ne5+ Ke7 37. Nd3 Kd8 38. Rc3 Nd7 39. Kf1 Rb6
40. Ke2 g5 41. Kd2 Nf6 42. f3 h5 43. Ne5 Rb7 44. gxh5 Nxh5 45. Rc6 f6 46. Nd3
Rb6 47. Rxb6 axb6 48. g4 Ng7 49. Kc3 Ne8 50. Kb4 Nc7 51. a4 Kd7 52. Kc3 Kd6 53.
f4 gxf4 54. Nxf4 e5 55. Ne2 Ne6 56. Kd3 Ng5 57. Ng3 Nf3 58. Nf5+ Kd7 59. b4
exd4 60. a5 bxa5 61. bxa5 Ne5+ 62. Kxd4 Nc6+ 63. Kxd5 Nxa5 64. Nd4 Nb7 65. Ke4
Nd6+ 66. Kf4 Nf7 67. Kf5 Nh6+ 68. Kxf6 Nxg4+ 1/2-1/2

[Event "Elit(Rockaden,Sthlm-Team Viking)"]
[Site "?"]
[Date "2015.03.22"]
[Round "9"]
[White "Sagit, Rauan"]
[Black "Hermansson, Emil"]
[Result "1/2-1/2"]
[WhiteElo "2362"]
[BlackElo "2435"]
[PlyCount "32"]

1. Nf3 d5 2. g3 Nf6 3. Bg2 g6 4. O-O Bg7 5. c4 c6 6. cxd5 cxd5 7. Ne5 O-O 8. d4
Ne4 9. Nd2 Nd7 10. Nxd7 Qxd7 11. Nxe4 dxe4 12. Be3 Qd5 13. f3 f5 14. fxe4 fxe4
15. Rxf8+ Kxf8 16. Qb3 Be6 1/2-1/2

[Event "Elit(Rockaden,Sthlm-Team Viking)"]
[Site "?"]
[Date "2015.03.22"]
[Round "9"]
[White "Engqvist, Thomas"]
[Black "Pettersson, Anders"]
[Result "1/2-1/2"]
[WhiteElo "2362"]
[BlackElo "2278"]
[PlyCount "171"]

1. d4 d5 2. c4 e5 3. dxe5 d4 4. Nf3 Nc6 5. Nbd2 Nge7 6. Nb3 Ng6 7. Nbxd4 Ncxe5
8. Nxe5 Nxe5 9. e3 Be7 10. Be2 O-O 11. O-O Bf6 12. Qc2 c5 13. Nb5 Be6 14. Rd1
Qe7 15. f4 Nc6 16. Nc3 Nb4 17. Qe4 Rad8 18. Bd2 Rfe8 19. Be1 Qc7 20. Rxd8 Qxd8
21. Rd1 Qc8 22. Qf3 Bxc3 23. bxc3 Nc2 24. Bf2 Na3 25. e4 Bxc4 26. Bxc4 Nxc4 27.
e5 b6 28. Qd5 Na5 29. Qd7 Nc6 30. Bh4 Kf8 31. Kf2 b5 32. Qd6+ Ne7 33. Bxe7+
Rxe7 34. Qd8+ Qxd8 35. Rxd8+ Re8 36. Rd5 Rc8 37. Rd7 a5 38. Ke3 b4 39. Ra7 bxc3
40. Rxa5 Rd8 41. Rxc5 Ra8 42. Rxc3 Rxa2 43. Kf3 g6 44. Rc7 Ra3+ 45. Kg4 Re3 46.
g3 Re2 47. Kg5 Kg7 48. Kg4 Kf8 49. h3 Re3 50. Rc8+ Kg7 51. Re8 h6 52. Kh4 Re4
53. Rd8 Re3 54. Rd6 Kh7 55. Kg4 Kg7 56. Rd1 Kg8 57. Kh4 Kg7 58. Rd7 Kf8 59. Rc7
Kg8 60. Kg4 Kg7 61. Rb7 Kf8 62. Kh4 Kg8 63. Kg4 Kg7 64. h4 h5+ 65. Kh3 Re2 66.
Ra7 Kf8 67. Ra1 Ke7 68. Ra7+ Kf8 69. Ra6 Ke7 70. Rb6 Rf2 71. Rd6 Re2 72. Rd3
Rf2 73. Ra3 Ke6 74. Ra6+ Ke7 75. Ra7+ Ke6 76. Rb7 Re2 77. Rb6+ Ke7 78. f5 gxf5
79. Rh6 Rxe5 80. Rxh5 Kf6 81. Rg5 Re8 82. g4 Re3+ 83. Kg2 fxg4 84. Rxg4 Ra3 85.
Rg8 Rb3 86. Rg4 1/2-1/2